000 00469nam a22001697a 4500
005 20260108151127.0
008 260106b |||||||| |||| 00| 0 eng d
020 _a978-1-61669-500-2
041 _aEnglish
082 _aMS 616.1 AHA DB1454
100 _aAmerican Heart Association
_9216230
245 _aAdvanced Cardiovascular Life Suport Provider Manual
260 _bAmerican Heart Association
_aUSA
_c2016
300 _a190p
365 _bRs.900
942 _cDB
999 _c369697
_d369697